000 01129nam a2200145Ia 4500
005 20260209120133.0
008 260209s9999||||xx |||||||||||||| ||und||
100 _aVeer Vikrant Singh
245 0 _aLifting of corporate veil with regard to group companies
260 _aBangaloreBangalore
_bNLSIU
_c2014
300 _a89 p. ; 25 cm.
505 _aTABLE OF CONTENTS Chapter -1 Introduction ; Chapter- 2 Legal Personality of Company ; Chapter- 3 General Overview of Common Law Principles in Corporate Personality: Exceptions & Difficulties ; Chapter- 4 Concept of Group Companies and related concepts ; Chapter- 5 Lifting of Corporate Veil with regard to GC ; Chapter- 6 The European Approach in Piercing the Corporate Veil with regard to Group Companies; Chapter- 7 The United States approach in Piercing the Corporate with regard to Group Companies; Chapter-8 The Indian Approach in Piercing the Corporate Veil with regard to Group Companies; Chapter- 9 Conclusion ; Bibliography.
700 _aProf. M P Padmanabha Pillai - GuideProf. M P Padmanabha Pillai - Guide
856 _uhttps://dans.nls.ac.in/handle/123456789/1755
999 _c217135
_d217135